[Event "Benimodo op U2200 12th"]
[Site "Benimodo"]
[Date "2017.08.20"]
[Round "7"]
[White "Llamazares Lopez, Marcos"]
[Black "Cortes Ruiz, Javier"]
[Result "1-0"]
[WhiteElo "2084"]
[BlackElo "1922"]
[PlyCount "61"]
[EventDate "2017.08.18"]
[EventType "swiss"]
[EventRounds "7"]
[EventCountry "ESP"]
[SourceTitle "EXT 2019"]
[Source "ChessBase"]
[SourceDate "2018.10.10"]
[SourceVersion "1"]
[SourceVersionDate "2018.10.10"]
[SourceQuality "1"]

1. e4 c5 2. Nf3 Nc6 3. Bb5 g6 4. Bxc6 dxc6 5. d3 Bg7 6. a4 b6 7. a5 b5 8. h3 e5 9. Be3 Qd6 10. Nbd2 Be6 11. Ng5 Bh6 12. Qf3 Bxg5 13. Bxg5 h6 14. Be3 0-0-0 15. b4 cxb4 16. Bxa7 b3 17. Bb6 b2 18. Rb1 Ba2 19. Rxb2 Qa3 20. Rxa2 Qxa2 21. Bxd8 Kxd8 22. 0-0 Qxa5 23. Qxf7 Ne7 24. Nb3 Qb6 25. Ra1 Kd7 26. Qf6 Rc8 27. Ra6 Qc7 28. Nc5+ Ke8 29. Ne6 Qb7 30. Qf8+ Kd7 31. Nc5+ 1-0

[Event "Benimodo op U2200 12th"]
[Site "Benimodo"]
[Date "2017.08.18"]
[Round "2"]
[White "Lopez Diaz, Rafael"]
[Black "Llamazares Lopez, Marcos"]
[Result "0-1"]
[WhiteElo "1715"]
[BlackElo "2084"]
[PlyCount "68"]
[EventDate "2017.08.18"]
[EventType "swiss"]
[EventRounds "7"]
[EventCountry "ESP"]
[SourceTitle "EXT 2019"]
[Source "ChessBase"]
[SourceDate "2018.10.10"]
[SourceVersion "1"]
[SourceVersionDate "2018.10.10"]
[SourceQuality "1"]

1. e4 d6 2. d4 Nf6 3. Nc3 e5 4. dxe5 dxe5 5. Qxd8+ Kxd8 6. Bg5 Nbd7 7. 0-0-0 c6 8. Bc4 Ke8 9. f3 Bc5 10. Nge2 h6 11. Bd2 b5 12. Bb3 a5 13. a4 b4 14. Nb1 Ba6 15. Ng3 g6 16. Be1 Rc8 17. Nd2 Nb6 18. Kb1 Nfd7 19. Rc1 Be7 20. c3 Bd3+ 21. Ka2 Nc5 22. cxb4 axb4 23. Bc4 Nxc4 24. Nxc4 b3+ 25. Ka3 Bc2 26. Bb4 Ra8 27. a5 Nd3 28. Bxe7 Kxe7 29. Ra1 Rhb8 30. Rhc1 Rb5 31. Rxc2 bxc2 32. b4 c1Q+ 33. Rxc1 Nxc1 34. Nb6 Rxb6 0-1

[Event "Cullera op-B 29th"]
[Site "Cullera"]
[Date "2012.08.27"]
[Round "4"]
[White "Llamazares Lopez, Marcos"]
[Black "Bas Mas, Miguel"]
[Result "1-0"]
[WhiteElo "2002"]
[BlackElo "1925"]
[PlyCount "89"]
[EventDate "2012.08.25"]
[EventType "swiss"]
[EventRounds "9"]
[EventCountry "ESP"]
[SourceTitle "CBM 150 Extra"]
[Source "ChessBase"]
[SourceDate "2012.10.19"]
[SourceVersion "1"]
[SourceVersionDate "2012.10.19"]
[SourceQuality "1"]

1. c4 e5 2. Nc3 Nf6 3. e4 d6 4. g3 g6 5. Bg2 Bg7 6. Nge2 0-0 7. 0-0 c6 8. d4 Qc7 9. d5 Nh5 10. f4 Nd7 11. Be3 a6 12. Rc1 c5 13. f5 gxf5 14. exf5 Nhf6 15. h3 Rb8 16. g4 Ne8 17. Ng3 f6 18. Nh5 b5 19. cxb5 axb5 20. Qe1 b4 21. Ne4 Nb6 22. Nxg7 Nxg7 23. Nxd6 Qxd6 24. Bxc5 Qd8 25. Bxf8 Qxf8 26. Qh4 Bb7 27. g5 Bxd5 28. gxf6 Bxg2 29. fxg7 Qxg7 30. f6 Qg6 31. f7+ Kg7 32. f8Q+ Rxf8 33. Qe7+ Rf7 34. Qxf7+ Qxf7 35. Rxf7+ Kxf7 36. Kxg2 Na4 37. Rc7+ Kf6 38. Rb7 Nxb2 39. Rxb4 Nd3 40. Rb7 h5 41. a4 e4 42. a5 Ke6 43. a6 Nf4+ 44. Kg3 Ne2+ 45. Kf2 1-0

[Event "Mislata op-B 20th"]
[Site "Mislata"]
[Date "2012.08.18"]
[Round "8"]
[White "Lopez Mulet, Inigo"]
[Black "Llamazares Lopez, Marcos"]
[Result "0-1"]
[WhiteElo "1960"]
[BlackElo "2002"]
[PlyCount "92"]
[EventDate "2012.08.13"]
[EventType "swiss"]
[EventRounds "9"]
[EventCountry "ESP"]
[SourceTitle "EXT 2013"]
[Source "ChessBase"]
[SourceDate "2012.11.22"]
[SourceVersion "1"]
[SourceVersionDate "2012.11.22"]
[SourceQuality "1"]

1. d4 d5 2. c4 c6 3. Nf3 e6 4. g3 f5 5. Nbd2 Nf6 6. Bg2 Bd6 7. 0-0 0-0 8. a3 a5 9. b3 Ne4 10. Ne1 Nc3 11. Qc2 Nxe2+ 12. Kh1 Nxd4 13. Qd3 Be5 14. Rb1 Bf6 15. Bb2 dxc4 16. bxc4 e5 17. Bxd4 Qxd4 18. Qxd4 exd4 19. Nd3 Nd7 20. Rfe1 Kf7 21. a4 Re8 22. Rxe8 Kxe8 23. c5 Kd8 24. f4 Kc7 25. Rc1 Ra6 26. Bf1 b5 27. Ne1 Ra8 28. axb5 cxb5 29. Bxb5 Rb8 30. Bd3 Rb2 31. Nc4 Bb7+ 32. Kg1 Rb5 33. Bxf5 Rxc5 34. Be6 Be4 35. Kf2 Nb6 36. Ke2 Nxc4 37. Rxc4 Rxc4 38. Bxc4 Kb6 39. Nd3 a4 40. Kd2 Bc6 41. Kc2 Bb5 42. Bd5 Bc6 43. Bc4 Kc7 44. Kb2 Bd7 45. Nc5 Bc6 46. Ka3 Be7 0-1

[Event "Mislata op-B 45th"]
[Site "Mislata"]
[Date "2011.08.20"]
[Round "8"]
[White "Navarro Diaz, Carles"]
[Black "Llamazares Lopez, Marcos"]
[Result "1/2-1/2"]
[WhiteElo "2089"]
[BlackElo "1969"]
[PlyCount "119"]
[EventDate "2011.08.15"]
[EventType "swiss"]
[EventRounds "9"]
[EventCountry "ESP"]
[SourceTitle "EXT 2014"]
[Source "ChessBase"]
[SourceDate "2013.11.20"]
[SourceVersion "1"]
[SourceVersionDate "2013.11.20"]
[SourceQuality "1"]

1. e4 c5 2. Nf3 Nc6 3. d4 cxd4 4. Nxd4 g6 5. c4 Bg7 6. Be3 Nf6 7. Nc3 0-0 8. Be2 d6 9. 0-0 Bd7 10. h3 a5 11. f4 Nxd4 12. Bxd4 Bc6 13. Bf3 Nd7 14. Bxg7 Kxg7 15. Qd4+ Kg8 16. Nd5 Bxd5 17. exd5 Qb6 18. Qxb6 Nxb6 19. b3 Nd7 20. Rfe1 Rfe8 21. Kf2 Nc5 22. Ke3 Ra6 23. Kd4 Rb6 24. Rab1 Kf8 25. Kc3 Ra8 26. Re3 Rb4 27. Rbe1 Re8 28. h4 Na6 29. a3 Rb6 30. h5 Nc5 31. Bd1 Ra6 32. hxg6 hxg6 33. Bc2 e6 34. b4 axb4+ 35. axb4 Ra3+ 36. Kd4 Rxe3 37. Rxe3 Na6 38. Rb3 Nc7 39. Be4 f5 40. Bf3 exd5 41. Bxd5 Nxd5 42. Kxd5 Re4 43. g3 Ke7 44. c5 Kd7 45. b5 dxc5 46. Kxc5 Re6 47. b6 Rc6+ 48. Kb5 Rc1 49. Rb2 Rc3 50. Rh2 Rb3+ 51. Kc5 Rc3+ 52. Kb4 Rc1 53. Rh7+ Kc8 54. Rg7 Rb1+ 55. Kc5 Rc1+ 56. Kb5 Rb1+ 57. Kc5 Rc1+ 58. Kd5 Rc6 59. Rg8+ Kd7 60. Rg7+ 1/2-1/2

[Event "Mislata op-B 45th"]
[Site "Mislata"]
[Date "2011.08.18"]
[Round "6"]
[White "Llamazares Lopez, Marcos"]
[Black "Olaru, Daniel"]
[Result "1-0"]
[WhiteElo "1969"]
[BlackElo "2089"]
[PlyCount "121"]
[EventDate "2011.08.15"]
[EventType "swiss"]
[EventRounds "9"]
[EventCountry "ESP"]
[SourceTitle "EXT 2014"]
[Source "ChessBase"]
[SourceDate "2013.11.20"]
[SourceVersion "1"]
[SourceVersionDate "2013.11.20"]
[SourceQuality "1"]

1. e4 g6 2. d4 Bg7 3. Nc3 d6 4. f4 a6 5. Nf3 Nd7 6. Be3 b5 7. Bd3 c5 8. e5 cxd4 9. Bxd4 dxe5 10. fxe5 Nb6 11. Be4 Rb8 12. e6 f6 13. Bc6+ Kf8 14. Be5 Qxd1+ 15. Rxd1 Bb7 16. Bxb8 Bxc6 17. Rd8+ Be8 18. Ba7 Nc4 19. Nd5 f5 20. Bc5 Bxb2 21. Bxe7+ Nxe7 22. Nc7 Nc6 23. Rxe8+ Kg7 24. 0-0 Rxe8 25. Nxe8+ Kf8 26. Nc7 Ke7 27. Nxa6 Kxe6 28. Nc7+ Kf6 29. Nxb5 Nb4 30. a4 Nxc2 31. Rf2 Nb4 32. a5 Bc1 33. a6 Nxa6 34. Rc2 Be3+ 35. Kf1 Ne5 36. Ke2 Bc5 37. Nxe5 Kxe5 38. Nc7 Nxc7 39. Rxc5+ Kd6 40. Ra5 Nd5 41. Ra7 Nf6 42. Kf3 Ke5 43. Ra5+ Nd5 44. Ra8 g5 45. Ra7 h6 46. Rh7 Nf6 47. Rxh6 g4+ 48. Ke2 f4 49. Rh8 Ke4 50. h4 gxh3 51. gxh3 Kf5 52. Kf3 Kg5 53. h4+ Kf5 54. Ra8 Nd7 55. Ra5+ Ne5+ 56. Kg2 Ke4 57. h5 Ng4 58. Kh3 Ne3 59. h6 f3 60. h7 f2 61. Ra1 1-0

[Event "Mislata op-B"]
[Site "Mislata"]
[Date "2010.08.22"]
[Round "9"]
[White "Barry Bertomeu, Enrique"]
[Black "Llamazares Lopez, Marcos"]
[Result "0-1"]
[WhiteElo "1961"]
[BlackElo "1923"]
[PlyCount "118"]
[EventDate "2010.08.16"]
[EventType "swiss"]
[EventRounds "9"]
[EventCountry "ESP"]
[SourceTitle "EXT 2012"]
[Source "ChessBase"]
[SourceDate "2011.11.24"]
[SourceVersion "1"]
[SourceVersionDate "2011.11.24"]
[SourceQuality "1"]

1. e4 c5 2. Nf3 Nc6 3. d4 cxd4 4. Nxd4 g6 5. c4 Bg7 6. Be3 Nf6 7. Nc3 0-0 8. Be2 d6 9. 0-0 Bd7 10. Rc1 Nxd4 11. Bxd4 Bc6 12. Bf3 a5 13. Qd2 Nd7 14. Bxg7 Kxg7 15. Rfd1 Qb6 16. Nd5 Bxd5 17. exd5 Ne5 18. Be2 f5 19. Qd4 Qxd4 20. Rxd4 Rfc8 21. f4 Nd7 22. b3 Nc5 23. Re1 Kf6 24. Bf3 Ra6 25. Rd2 Rb6 26. g4 a4 27. g5+ Kf7 28. Bd1 axb3 29. axb3 Rb4 30. Ra2 Nd3 31. Rf1 b5 32. Rf3 bxc4 33. bxc4 Nb2 34. Be2 Nxc4 35. Rc3 Nb6 36. Rc6 Rb8 37. Ra7 Ke8 38. Bf3 Rxf4 39. Kg2 Rc4 40. Kg3 Rc5 41. h4 Nd7 42. Rcc7 Rxc7 43. Rxc7 Ne5 44. Bd1 Rb1 45. Ba4+ Kf7 46. Rc8 Rg1+ 47. Kf2 Rg4 48. Be8+ Kg7 49. Rc7 Rxh4 50. Rxe7+ Kf8 51. Re6 Re4 52. Kg3 Rg4+ 53. Kf2 Rxg5 54. Bb5 Nf7 55. Re8+ Kg7 56. Re7 f4 57. Bd7 Rxd5 58. Be6 Kf6 59. Bxf7 Rd2+ 0-1

[Event "Valencia Autonomico-ch U18"]
[Site "Valencia"]
[Date "2010.04.08"]
[Round "4"]
[White "Llamazares Lopez, Marcos"]
[Black "Cebrian Flores, Juan Antonio"]
[Result "0-1"]
[WhiteElo "1948"]
[BlackElo "1642"]
[PlyCount "124"]
[EventDate "2010.04.07"]
[EventType "swiss"]
[EventRounds "7"]
[EventCountry "ESP"]
[SourceTitle "EXT 2024"]
[Source "ChessBase"]
[SourceDate "2023.10.10"]
[SourceVersion "1"]
[SourceVersionDate "2023.10.10"]
[SourceQuality "1"]

1. e4 c5 2. Nf3 d6 3. d4 cxd4 4. Nxd4 Nf6 5. Nc3 g6 6. Be3 Bg7 7. f3 0-0 8. Bc4 Nc6 9. Qd2 Bd7 10. g4 Ne5 11. Bb3 Rc8 12. 0-0-0 Nc4 13. Bxc4 Rxc4 14. h4 Qa5 15. Nb3 Qa6 16. Kb1 Rfc8 17. Rc1 Rxc3 18. bxc3 Nxe4 19. fxe4 Bxc3 20. Qxc3 Rxc3 21. Bd4 Rc4 22. h5 g5 23. Rce1 Ba4 24. Bb2 Bc6 25. Nd4 e5 26. Nxc6 Qxc6 27. Rh3 Rxe4 28. Rd1 Rxg4 29. Rhd3 Rg2 30. Rc3 Qe4 31. h6 f6 32. Rc7 Rh2 33. Ba3 Rh1 34. Rxh1 Qxh1+ 35. Kb2 Qxh6 36. Bxd6 g4 37. Rxb7 g3 38. Rb3 Qf4 39. Bc5 h5 40. Bxa7 g2 41. Rb8+ Kf7 42. Rb7+ Kg8 43. Rb8+ Kf7 44. Rb7+ Kg6 45. Rb8 Kf5 46. Rg8 Qf3 47. Rg7 e4 48. a4 e3 49. Bxe3 Qxe3 50. Rxg2 Qb6+ 51. Ka3 Qc5+ 52. Kb2 Qb4+ 53. Kc1 Qxa4 54. Rf2+ Kg6 55. Rg2+ Kf5 56. Rf2+ Kg6 57. Rg2+ Kf7 58. Re2 h4 59. c3 h3 60. Kd2 Qa2+ 61. Kd3 Qxe2+ 62. Kxe2 h2 0-1

[Event "Valencia Autonomico Norte-B"]
[Site "Valencia"]
[Date "2009.01.31"]
[Round "4.3"]
[White "Llamazares Lopez, Marcos"]
[Black "Vedreno Rios, Jose Vicente"]
[Result "1-0"]
[WhiteElo "1887"]
[BlackElo "2037"]
[PlyCount "129"]
[EventDate "2009.01.10"]
[EventType "team-tourn"]
[EventRounds "5"]
[EventCountry "ESP"]
[SourceTitle "EXT 2011"]
[Source "ChessBase"]
[SourceDate "2010.11.26"]
[SourceVersion "1"]
[SourceVersionDate "2010.11.26"]
[SourceQuality "1"]

1. e4 e5 2. Nf3 Nc6 3. Bb5 a6 4. Ba4 Nf6 5. d3 b5 6. Bb3 Be7 7. c3 d6 8. h3 0-0 9. 0-0 Na5 10. Bc2 c5 11. d4 Nc6 12. d5 Nb8 13. Nbd2 Ne8 14. g4 h5 15. Nh2 Bg5 16. Ndf3 Bxc1 17. Rxc1 g5 18. Qd2 f6 19. Kg2 Ra7 20. Bd1 Rh7 21. Ne1 Bd7 22. Nc2 Nc7 23. Ne3 Kf7 24. gxh5 Ne8 25. Bg4 Ng7 26. Nf5 Bxf5 27. Bxf5 Nxf5 28. exf5 Rxh5 29. Ng4 Rfh8 30. Rh1 Nd7 31. c4 b4 32. a3 a5 33. axb4 axb4 34. Ra1 Qc7 35. b3 Nb6 36. Qa2 Rb8 37. Qe2 Rhh8 38. Ra2 Nc8 39. Rha1 Ne7 40. Ne3 Rb7 41. Ra8 Rh4 42. R1a6 Qd7 43. Qf3 Kg7 44. Kg1 Nc8 45. Rc6 Ne7 46. Raa6 Nc8 47. Rxc8 Qxc8 48. Rxd6 Ra7 49. Re6 Qh8 50. Kg2 Qh5 51. Ng4 Ra2 52. Re7+ Kf8 53. d6 Rxh3 54. Qxh3 Qxh3+ 55. Kxh3 Rd2 56. Re6 Rd3+ 57. Kg2 Kg7 58. Nxf6 Rxb3 59. d7 Rd3 60. Re8 Kxf6 61. d8Q+ Rxd8 62. Rxd8 Kxf5 63. Kf3 e4+ 64. Ke3 Ke5 65. Rd5+ 1-0

[Event "Valencia Autonomico Norte-B"]
[Site "Valencia"]
[Date "2009.01.20"]
[Round "3.3"]
[White "Llamazares Lopez, Marcos"]
[Black "Monmeneu Chulia, Victor J"]
[Result "0-1"]
[WhiteElo "1887"]
[BlackElo "2147"]
[PlyCount "48"]
[EventDate "2009.01.10"]
[EventType "team-tourn"]
[EventRounds "5"]
[EventCountry "ESP"]
[SourceTitle "EXT 2011"]
[Source "ChessBase"]
[SourceDate "2010.11.26"]
[SourceVersion "1"]
[SourceVersionDate "2010.11.26"]
[SourceQuality "1"]

1. e4 e6 2. d3 d5 3. Nd2 Nf6 4. g3 dxe4 5. dxe4 b6 6. Bg2 Bb7 7. Qe2 Nc6 8. c3 Qd7 9. Ngf3 0-0-0 10. 0-0 Ng4 11. Nb3 Nge5 12. Nfd4 Nb8 13. Qh5 Nd3 14. Bg5 Be7 15. Qxf7 Bxg5 16. Qxd7+ Kxd7 17. Bh3 Rhe8 18. Nxe6 Rxe6 19. f4 Bh6 20. Rad1 Ke7 21. Bxe6 Kxe6 22. Nc1 Bxe4 23. Rd2 Nxf4 24. Rxd8 Nh3# 0-1

[Event "ESP-ch U14"]
[Site "Padron"]
[Date "2008.07.15"]
[Round "4"]
[White "Llamazares Lopez, Marcos"]
[Black "Balague Camps, Marc"]
[Result "1/2-1/2"]
[WhiteElo "1891"]
[BlackElo "1685"]
[PlyCount "184"]
[EventDate "2008.07.13"]
[EventType "swiss"]
[EventRounds "9"]
[EventCountry "ESP"]
[SourceTitle "CBM 125 Extra"]
[Source "ChessBase"]
[SourceDate "2008.09.01"]
[SourceVersion "1"]
[SourceVersionDate "2008.09.01"]
[SourceQuality "1"]

1. e4 d5 2. exd5 Qxd5 3. Nc3 Qe5+ 4. Qe2 Qxe2+ 5. Bxe2 c6 6. d4 Nf6 7. Nf3 Bf5 8. Bd1 e6 9. Nh4 Bg6 10. Nxg6 hxg6 11. Bf4 Nbd7 12. Bf3 Nb6 13. 0-0-0 Nbd5 14. Nxd5 Nxd5 15. Bg3 0-0-0 16. c3 Bd6 17. Bxd6 Rxd6 18. h4 Kc7 19. h5 gxh5 20. Rxh5 Rxh5 21. Bxh5 g6 22. Bf3 b5 23. Rh1 Nf6 24. Kc2 Kb6 25. Rh8 Rd7 26. Kb3 Re7 27. Rf8 Nh7 28. Rc8 Rc7 29. Rb8+ Rb7 30. Rxb7+ Kxb7 31. a4 a6 32. a5 Ng5 33. Be2 Ne4 34. f3 Nd6 35. Kc2 Kc7 36. b4 Ne8 37. Kd3 Nf6 38. c4 Nh5 39. Ke3 Ng3 40. Bd3 Nh5 41. g4 Nf6 42. g5 Ne8 43. c5 Kd7 44. Kf4 Ke7 45. Be4 Kd7 46. Ke5 Kc7 47. f4 Kd7 48. Bd3 Ke7 49. Be4 Kd7 50. Bf3 Kc7 51. f5 gxf5 52. Bh5 Kd7 53. Bxf7 Ng7 54. Bg8 Ke7 55. Bh7 Ne8 56. Bg8 Ng7 57. g6 f4 58. Kxf4 Kf6 59. Bf7 Nf5 60. Ke4 Ng7 61. Kf4 Nf5 62. Be8 Nxd4 63. Ke4 Nc2 64. Bxc6 Kxg6 65. Bb7 Nxb4 66. c6 Nd5 67. Bxa6 Kf6 68. Kd4 Ke7 69. Kc5 Kd8 70. Bxb5 Kc7 71. a6 Nb6 72. a7 e5 73. Bd3 Na8 74. Be4 Nb6 75. Kb4 Na8 76. Kb5 Nb6 77. Kc5 Na8 78. Bd3 Nb6 79. Ba6 e4 80. Bc4 Na8 81. Bd5 e3 82. Bf3 Nb6 83. Kd4 Na8 84. Kxe3 Kb6 85. Kd4 Kxa7 86. Kd5 Kb6 87. Kd6 Nc7 88. Bg4 Nb5+ 89. Kd7 Nc7 90. Bf3 Na8 91. Kc8 Nc7 92. Kb8 Na6+ 1/2-1/2

[Event "ESP-ch U14"]
[Site "Padron"]
[Date "2008.07.15"]
[Round "5"]
[White "Ramoneda Rumi, Gisela"]
[Black "Llamazares Lopez, Marcos"]
[Result "1-0"]
[WhiteElo "1716"]
[BlackElo "1891"]
[PlyCount "153"]
[EventDate "2008.07.13"]
[EventType "swiss"]
[EventRounds "9"]
[EventCountry "ESP"]
[SourceTitle "CBM 125 Extra"]
[Source "ChessBase"]
[SourceDate "2008.09.01"]
[SourceVersion "1"]
[SourceVersionDate "2008.09.01"]
[SourceQuality "1"]

1. e4 c5 2. Nf3 Nc6 3. Bb5 g6 4. 0-0 Bg7 5. Re1 d6 6. c3 a6 7. Ba4 b5 8. Bc2 e5 9. d3 Nge7 10. Nbd2 0-0 11. a4 Rb8 12. axb5 axb5 13. Nf1 h6 14. Be3 f5 15. exf5 gxf5 16. Nh4 f4 17. Bc1 Nf5 18. Nxf5 Bxf5 19. Qh5 Qf6 20. Nd2 d5 21. Nf3 c4 22. Rd1 cxd3 23. Bb3 Qe6 24. Ne1 Bg4 25. Bxd5 Qxd5 26. Qxg4 Rbd8 27. Kf1 Qc4 28. Kg1 Rd6 29. Bd2 Qe4 30. Qf3 Qxf3 31. Nxf3 e4 32. Ne1 Re6 33. Ra6 Rfe8 34. Bxf4 Nd4 35. Rxe6 Ne2+ 36. Kf1 Rxe6 37. Be3 Kh7 38. Nxd3 exd3 39. Rxd3 Nxc3 40. bxc3 Rc6 41. Bd4 Bf8 42. Rf3 Ba3 43. Rf6 Rc4 44. Be5 Bc1 45. Rb6 Bd2 46. Rxb5 Bxc3 47. Bxc3 Rxc3 48. Rd5 Kg6 49. Ke2 Ra3 50. Rd3 Ra6 51. f4 Kf5 52. Kf3 Ra1 53. Rd5+ Kf6 54. Re5 Ra6 55. g4 Rb6 56. h4 Rb3+ 57. Re3 Rb5 58. g5+ hxg5 59. fxg5+ Kf5 60. Kg3 Rb4 61. Rf3+ Kg6 62. Rf6+ Kg7 63. Rf4 Rb1 64. Kg4 Rg1+ 65. Kh5 Ra1 66. Rb4 Ra7 67. Kg4 Rc7 68. h5 Rc1 69. Rb7+ Kg8 70. g6 Rc8 71. Rf7 Ra8 72. h6 Rb8 73. Kg5 Rb5+ 74. Rf5 Rb8 75. h7+ Kg7 76. Rf7+ Kh8 77. Kh6 1-0

[Event "ESP-ch U14"]
[Site "Padron"]
[Date "2008.07.14"]
[Round "3"]
[White "Sanchez Ibern, Marc"]
[Black "Llamazares Lopez, Marcos"]
[Result "1-0"]
[WhiteElo "2161"]
[BlackElo "1891"]
[PlyCount "187"]
[EventDate "2008.07.13"]
[EventType "swiss"]
[EventRounds "9"]
[EventCountry "ESP"]
[SourceTitle "CBM 125 Extra"]
[Source "ChessBase"]
[SourceDate "2008.09.01"]
[SourceVersion "1"]
[SourceVersionDate "2008.09.01"]
[SourceQuality "1"]

1. d4 Nf6 2. Nc3 g6 3. e4 d6 4. Bg5 Bg7 5. e5 dxe5 6. dxe5 Qxd1+ 7. Rxd1 Nfd7 8. Nd5 Bxe5 9. Nf3 e6 10. Nxe5 exd5 11. Nxd7 Nxd7 12. Rxd5 0-0 13. Be2 Re8 14. Kd1 c6 15. Rd6 Nc5 16. f3 Be6 17. b3 Kg7 18. Be3 Rad8 19. Rxd8 Rxd8+ 20. Kc1 Nd7 21. Rd1 a6 22. Bf1 Rc8 23. Kb2 c5 24. Rd6 Kf6 25. c4 Ke5 26. Rd1 f5 27. g3 Kf6 28. Bd2 Ke7 29. Bc3 Rc6 30. Kc2 Rd6 31. Re1 b6 32. a3 a5 33. Rb1 f4 34. g4 h5 35. h3 hxg4 36. hxg4 Nf6 37. Bd3 g5 38. Rh1 Rd8 39. Rh6 Rf8 40. Rg6 Nxg4 41. fxg4 f3 42. Rxg5 f2 43. Bf1 Rf3 44. Rg7+ Kd6 45. Rg6 Rg3 46. Rf6 Rxg4 47. Rxf2 a4 48. Rf6 axb3+ 49. Kxb3 Rg3 50. a4 Ke7 51. Rh6 Rg1 52. Bd3 Rd1 53. Bc2 Rc1 54. Rh2 Rg1 55. Re2 Kd6 56. Rd2+ Ke7 57. Re2 Kd6 58. Be5+ Kd7 59. Be4 Bg4 60. Rg2 Bd1+ 61. Ka3 Re1 62. Bf5+ Ke7 63. Bc3 Re3 64. Kb2 Bxa4 65. Bc2 Bc6 66. Rg6 Re6 67. Rg7+ Kd6 68. Bd2 Rf6 69. Be1 b5 70. Bh4 Rf3 71. Rg6+ Kc7 72. Rxc6+ Kxc6 73. Be4+ Kb6 74. Bxf3 bxc4 75. Kc3 Kb5 76. Be2 Kc6 77. Kxc4 Kd6 78. Bf2 Ke5 79. Kxc5 Ke4 80. Kc4 Ke5 81. Bd4+ Ke4 82. Bd3+ Kf3 83. Kd5 Kf4 84. Ke6 Kf3 85. Kf5 Kg3 86. Be4 Kh4 87. Bf2+ Kh3 88. Bf3 Kh2 89. Ke4 Kh3 90. Ke3 Kh2 91. Ke2 Kh3 92. Kf1 Kh2 93. Bg4 Kh1 94. Ba7 1-0

[Event "Cullera op-B"]
[Site "Cullera"]
[Date "2007.07.09"]
[Round "5"]
[White "Llamazares Lopez, Marcos"]
[Black "Santandreu Gregori, David"]
[Result "0-1"]
[WhiteElo "1959"]
[BlackElo "1848"]
[PlyCount "110"]
[EventDate "2007.07.07"]
[EventType "swiss"]
[EventRounds "8"]
[EventCountry "ESP"]
[SourceTitle "CBM 119 Extra"]
[Source "ChessBase"]
[SourceDate "2007.09.04"]
[SourceVersion "1"]
[SourceVersionDate "2007.09.04"]
[SourceQuality "1"]

1. e4 e6 2. d3 g6 3. Nf3 Bg7 4. Nbd2 c5 5. g3 Nc6 6. Bg2 Nf6 7. 0-0 0-0 8. a4 d5 9. Re1 b6 10. Nh4 dxe4 11. dxe4 Bb7 12. e5 Nd5 13. f4 Nxf4 14. gxf4 Qxh4 15. Nc4 Rfd8 16. Bd2 Na5 17. Nxa5 Bxg2 18. Kxg2 bxa5 19. Qe2 Bf8 20. Bxa5 Rd4 21. Bd2 Rad8 22. Be3 Rb4 23. c3 Rb7 24. a5 Rdb8 25. Bc1 Qd8 26. Rd1 Rd7 27. Rxd7 Qxd7 28. Qf3 a6 29. Qe2 Qb5 30. Qxb5 Rxb5 31. Ra2 Be7 32. Bd2 c4 33. Kf3 Bd8 34. Ke4 Rd5 35. Be3 Bxa5 36. Ra4 Rb5 37. h4 Kg7 38. Kd4 Bb6+ 39. Ke4 Bxe3 40. Kxe3 Rxb2 41. Rxa6 Rh2 42. Ra4 Rh3+ 43. Kd4 Rxh4 44. Ke4 g5 45. Rxc4 Rxf4+ 46. Kd3 Rxc4 47. Kxc4 g4 48. Kd3 Kf8 49. Ke4 Ke7 50. Kf4 h5 51. c4 Kd7 52. Kg5 g3 53. Kf6 g2 54. Kxf7 g1Q 55. c5 Qxc5 0-1